| Поле | Название | Значение |
| |
Тип записи |
i |
| |
Библиографический уровень |
m |
| 001 |
Контрольный номер |
RU/IS/BASE/560436332 |
| 005 |
Дата корректировки |
20241022093937.0 |
| 010 |
Индекс ISBN |
__ |
| d |
Цена |
255-60 |
| 100 |
Данные общей обработки |
__ |
| a |
Данные общей обработки |
19171004d2010||||||| 0rusy0189 ca |
| 101 |
Язык документа |
1_ |
| a |
Язык текста |
rus |
| c |
Язык оригинала |
nnn |
| 102 |
Страна публикации |
__ |
| a |
Страна публикации |
RU| |
| 105 |
Кодированные данные (монография) |
__ |
| a |
Кодированные данные (монография) |
nn|||||||f|zy |
| 127 |
Кодированные данные (звукозаписи-физические характеристики) |
__ |
| a |
Продолжительность проигрывания |
05 ч 30 мин |
| 200 |
Заглавие и сведения об ответственности |
1_ |
| a |
Заглавие |
Ярость |
| f |
Первые сведения об ответственности |
Л. Дж. Смит ; читает Елена Калабина ; [перевод Э. Лапп] |
| b |
Общее обозначение материала |
Звукозапись |
| 210 |
Выходные данные |
__ |
| a |
Место издания |
Москва |
| c |
Издательство |
Аудиокнига |
| c |
Издательство |
Астрель-СПб |
| d |
Дата издания |
2010 |
| 215 |
Физическое описание |
__ |
| a |
Объем |
1 электрон. опт. диск (Audio CD) |
| c |
Иллюстрации/тип воспроизводства |
mp3 |
| d |
Формат |
12х14 см |
| 225 |
Серия |
__ |
| a |
Серия |
Дневники вампира |
| 230 |
Специфическая характеристика материала: электронные ресурсы |
__ |
| a |
Обозначение и объем ресурса |
Электронные звуковые данные |
| 300 |
Общие примечания |
__ |
| a |
Общие примечания |
Заглавие с этикетки диска |
| 323 |
Примечание о главных создателях, исполнителях, участниках |
__ |
| a |
Примечание о главных создателях, исполнителях, участниках |
Калабина, Е. (читает) |
| 330 |
Аннотация |
__ |
| a |
Аннотация |
Елена - "золотая" девочка и королева выпускного бала - постепенно погружается в темный омут вампирских тайн. После трагической гибели она становится вампиром. Одновременно в ее родном городке Феллс-Черч начинают происходить странные и зловещие события. Елена не может бросить горожан на произвол судьбы, она со своим возлюбленным - вампиром Стефаном и его братом Дамоном принимается за расследование и поиски таинственной Другой Силы. Братья все еще борются за сердце красавицы, но ей хочется лишь одного - докопаться до правды и положить конец разгулу нечисти. К счастью, не оставляют Елену и верные друзья. Только если все они объединятся, у них появится шанс сразиться с силами зла, но какую цену им придется заплатить за это? |
| 333 |
Примечание о целевом назначении |
__ |
| a |
Примечание о целевом назначении |
16+. Для детей старше 16 лет |
| 337 |
Примечание о системных требованиях (электронные ресурсы) |
__ |
| a |
Примечание о системных требованиях (электронные ресурсы) |
Системные требования: CD-плеер с поддержкой MP3 или Pentium-233 c Windows 9x-XP ; CD-ROM ; звуковая карта |
| 517 |
Другие варианты заглавия |
__ |
| a |
Другие варианты заглавия |
Дневники вампира. Ярость |
| 606 |
Тематические рубрики |
__ |
| a |
Основная рубрика |
Художественная литература |
| 606 |
Тематические рубрики |
__ |
| a |
Основная рубрика |
Литература Америки (произведения) |
| y |
Географическая подрубрика |
США |
| 610 |
Ключевые слова |
__ |
| a |
Ключевые слова |
американская литература |
| a |
Ключевые слова |
зарубежная литература |
| a |
Ключевые слова |
иностранная литература |
| a |
Ключевые слова |
мистическая литература |
| a |
Ключевые слова |
романы |
| a |
Ключевые слова |
тема вампиров |
| a |
Ключевые слова |
тема жестокости |
| a |
Ключевые слова |
тема зла |
| a |
Ключевые слова |
тема мистики |
| a |
Ключевые слова |
тема смерти |
| a |
Ключевые слова |
тема убийств |
| a |
Ключевые слова |
фэнтези |
| a |
Ключевые слова |
фэнтези |
| a |
Ключевые слова |
экранизированные книги |
| 686 |
Индексы других классификаций |
__ |
| 2 |
Код системы |
rubbks |
| a |
Классификационный индекс |
84(7Сое)6-445я04 |
| 700 |
Автор |
_1 |
| a |
Фамилия |
Смит |
| b |
Имя |
Л. Д. |
| f |
Даты |
1965- |
| g |
Полное личное имя |
Лиза Джейн |
| 4 |
Код отношения |
070 |
| 702 |
Вторичная интеллектуальная ответственность |
_1 |
| a |
Фамилия |
Лапп |
| b |
Имя |
Э. |
| 4 |
Код отношения |
Переводчик |
| 4 |
Код отношения |
730 |
| 801 |
Источник записи |
_0 |
| a |
Страна |
RU |
| b |
Организация |
Муниципальное бюджетное учреждение культуры "Централизованная библиотечная система" г. Сургут (Центральная городская библиотека им. А. С. Пушкина) |
| c |
Дата составления |
20171004 |
| g |
Правила каталогизации |
RCR |
| 801 |
Источник записи |
_1 |
| a |
Страна |
RU |
| b |
Организация |
Муниципальное бюджетное учреждение культуры "Централизованная библиотечная система" г. Сургут (Центральная городская библиотека им. А. С. Пушкина) |
| c |
Дата составления |
20171004 |
| g |
Правила каталогизации |
RCR |
| 852 |
Данные о местонахождении |
__ |
| j |
Шифр хранения |
84(7Сое)6-445я04 |
| i |
Авторский знак |
С 50 |
| 901 |
Тип документа |
__ |
| t |
Тип документа |
0 |
| a |
Ответственный |
КиК/Апакова |
| 903 |
Характеристики (МАРС) |
__ |
| a |
Дата передачи |
20171004 |
| 969 |
Тип издания |
__ |
| a |
Тип издания |
аудиокнига; издание для слепых |
| 990 |
Данные о заказе (DOS) |
__ |
| j |
Количество экземпляров (DOS) |
3 |
| t |
N записи в КСУ для И/У (DOS) |
201710 |